Представление документа в формате RUSMARC

ПолеНазваниеЗначение
  Тип записи a
  Библиографический уровень m
001 Контрольный номер RU/SLIB/B/208744268
005 Дата корректировки 20201206204107.2
010 Индекс ISBN __
d Цена 20-00
101 Язык документа __
a Язык текста rus
c Язык оригинала rus
200 Заглавие и сведения об ответственности 0_
a Заглавие Знаки славы Отечества
f Первые сведения об ответственности А. А. Кузнецов
b Общее обозначение материала Текст
210 Выходные данные __
a Место издания М.
c Издательство Моск. рабочий
d Дата издания 1987
215 Физическое описание __
a Объем 351 с.
330 Аннотация __
a Аннотация В этой книге автор рассказывает об учреждении орденов и медалей СССР, их статутах и положениях, о тех, чей подвиг в бою и труде высоко оценен Советским государством.
606 Тематические рубрики __
a Основная рубрика История
y Географическая подрубрика СССР; Россия
606 Тематические рубрики __
a Основная рубрика Нумизматика
610 Ключевые слова __
a Ключевые слова фалеристика; медали; ордена; награды; знаки отличия; рассказы
686 Индексы других классификаций __
a Классификационный индекс 63.221-3
700 Автор _1
a Фамилия Кузнецов
b Имя А. А.
4 Код отношения 070
801 Источник записи _0
a Страна RU
b Организация Муниципальное бюджетное учреждение культуры "Централизованная библиотечная система" г. Сургут (Центральная городская библиотека им. А. С. Пушкина)
g Правила каталогизации КиК/Нещерет
801 Источник записи _1
a Страна RU
b Организация Муниципальное бюджетное учреждение культуры "Централизованная библиотечная система" г. Сургут (Центральная городская библиотека им. А. С. Пушкина)
g Правила каталогизации КиК/Нещерет
852 Данные о местонахождении __
j Шифр хранения 63.221-3
c Каталожный индекс 63.2
i Авторский знак К 89
p Инвентарный номер 03071400
901 Тип документа __
t Тип документа m
903 Характеристики (МАРС) __
a Дата передачи 20030811
990 Данные о заказе (DOS) __
j Количество экземпляров (DOS) 1
t N записи в КСУ для И/У (DOS) 200307